书目信息 |
| 题名: |
美目盈盈
|
|
| 作者: | 渡边雅江 著 ;窦文 译 | |
| 分册: | ||
| 出版信息: | 济南 山东科学技术出版社 2005 |
|
| 页数: | 126页 | |
| 开本: | 21cm | |
| 丛书名: | ||
| 单 册: | ||
| 中图分类: | TS974.1 | |
| 科图分类: | ||
| 主题词: | 化妆 , 眼--化妆--基本知识 | |
| 电子资源: | ||
| ISBN: | 7-5331-3799-X | |
| 000 | 00840nam0 2200277 45 | |
| 001 | 060000029609 | |
| 005 | 20051209101437.39 | |
| 010 | @a7-5331-3799-X@dCNY19.00 | |
| 092 | @aCN | |
| 100 | @a20050518d2005 ekmy0chiy0120 ea | |
| 101 | 1 | @achi@cjpn |
| 102 | @aCN@b370000 | |
| 105 | @aa z 000yy | |
| 200 | 1 | @a美目盈盈@9mei mu ying ying@e眼部化妆技巧@f(日)渡边雅江著@F(ri)du bian ya jiang zhu@g窦文译 |
| 210 | @a济南@c山东科学技术出版社@d2005 | |
| 215 | @a126页@c图,照片@d21cm | |
| 330 | @a本书着重介绍眼部化妆方面的技巧与知识。 | |
| 517 | 1 | @a眼部化妆技巧@9yan bu hua zhuang ji qiao |
| 606 | 0 | @a化妆 |
| 606 | 0 | @a眼@x化妆@x基本知识 |
| 690 | @aTS974.1@v4 | |
| 701 | 0 | @a渡边雅江@Adu bian ya jiang@4著 |
| 702 | 0 | @a窦文@9dou wen@4译 |
| 801 | 0 | @aCN@bCXYBOOK@c20051209 |
| 905 | @a10447@dTS974.1@e122 | |
| 999 | @aAFJ@eDF | |
| 美目盈盈:眼部化妆技巧/(日)渡边雅江著/窦文译.-济南:山东科学技术出版社,2005 |
| 126页:图,照片;21cm |
| ISBN 7-5331-3799-X:CNY19.00 |
| 本书着重介绍眼部化妆方面的技巧与知识。 |
| ● |
| 相关链接 |
|
|
|
|
正题名:美目盈盈
索取号:TS974.1/122
 
预约/预借
| 序号 | 登录号 | 条形码 | 馆藏地/架位号 | 状态 | 备注 |
| 1 | 0370730 | 203707300 | 第二样本阅览室/ [索取号:TS974.1/122] | 在馆 | |
| 2 | 0370731 | 203707319 | 第三借阅区/ [索取号:TS974.1/122] | 在馆 | |
| 3 | 0370732 | 203707328 | 第三借阅区/ [索取号:TS974.1/122] | 在馆 | |
| 4 | 0370733 | 203707337 | 第三借阅区/ [索取号:TS974.1/122] | 在馆 | |
| 5 | 0370734 | 203707346 | 第三借阅区/ [索取号:TS974.1/122] | 在馆 |